000 00706nam a2200253 a 4500
001 17601
003 CO-ViMGA
008 141112s2004 ck r 000 u spa d
020 _a8424656091
040 _aCO-ViMGA
_bspa
_cCO-ViMGA
082 0 4 _a792.0233 F473d
100 1 _aFite, Salvador
_924929
245 1 0 _aLa dirección escenica
250 _a2
260 _aBarcelona (España),
_cLagalera,
_c1992
300 _a61.p.
490 _aTaller de teatro - 9
590 _aForma de adquisición : Premio - Mincultura
650 1 4 _aDIRECCION ESCENICA
_924930
650 1 4 _aTEATRO - DIRECCION
_924931
650 1 4 _aTEATRO - PRODUCCION
_924932
650 1 4 _aTEATRO - TECNICA
_924933
942 _2ddc
_cBK
999 _c27095
_d27095